00829cam a22002771 4500001001300000003000400013005001700017008004100034010001700075035001900092040002300111041001100134042001200145050001600157100002900173245007900202246001300281260004700294300001900341500002700360546002500387650003100412650006300443700002800506999001700534sa 68015284 DLC20260227112642.0821108m19501964ph 000 0 tgl  asa 68015284  a(OCoLC)8936239 aDLCcCU-SdWUdDLC0 atageng apremarc00aPL6053b.E31 aMatute, Genoveva Edroza.10aPampaaralang balarila /cnina Genoveva D. Edroza at Florencia del Rosario.04aBalarila aManila :bPhilippine Book Co.,c[c1950-64] a4 v. ;c23 cm. aCover title: Balarila. aTagalog and English. 0aTagalog languagexGrammar. 0aTagalog languagexTextbooks for foreign speakersxEnglish.1 aRosario, Florencia del. c86372d86372